| 000 | 00381 a2200157 4500 | ||
|---|---|---|---|
| 999 |
_c12837 _d12837 |
||
| 003 | OSt | ||
| 005 | 20240802155822.0 | ||
| 008 | 240802b ||||| |||| 00| 0 eng d | ||
| 020 | _a978-1786275684 | ||
| 082 | _a778 | ||
| 100 | _aMary Warner Marien | ||
| 245 | _a100 Ideas that Changed Photography | ||
| 260 |
_b Laurence King Publishing _c2020 |
||
| 300 | _a215p; | ||
| 942 | _2ddc | ||